Online
Catalog

Diccionario biográfico-bibliográfico de efemérides de músicos españoles / (Record no. 57308)

MARC details
000 -CABECERA
campo de control de longitud fija 01443nam a2200361 i 4500
001 - NÚMERO DE CONTROL
campo de control 000031405
003 - IDENTIFICADOR DEL NÚMERO DE CONTROL
campo de control DO-SdBNP
005 - FECHA Y HORA DE LA ÚLTIMA TRANSACCIÓN
campo de control 20240723121155.0
007 - CAMPO FIJO DE DESCRIPCIÓN FÍSICA--INFORMACIÓN GENERAL
campo de control de longitud fija ta
008 - DATOS DE LONGITUD FIJA--INFORMACIÓN GENERAL
campo de control de longitud fija 240717s1986 sp a 000 | spa d
020 ## - NÚMERO INTERNACIONAL ESTÁNDAR DEL LIBRO
Número Internacional Estándar del Libro 8450531411 (obra completa)
020 ## - NÚMERO INTERNACIONAL ESTÁNDAR DEL LIBRO
Número Internacional Estándar del Libro 8450545404 (v. 1)
020 ## - NÚMERO INTERNACIONAL ESTÁNDAR DEL LIBRO
Número Internacional Estándar del Libro 845053139X (v. 2)
020 ## - NÚMERO INTERNACIONAL ESTÁNDAR DEL LIBRO
Número Internacional Estándar del Libro 8450531403 (v. 3)
020 ## - NÚMERO INTERNACIONAL ESTÁNDAR DEL LIBRO
Número Internacional Estándar del Libro 8450545412 (v. 4)
040 ## - FUENTE DE LA CATALOGACIÓN
Centro catalogador/agencia de origen DO-SdBNP
Lengua de catalogación spa
Centro/agencia transcriptor BNPHU
Normas de descripción rda
082 #4 - NÚMERO DE LA CLASIFICACIÓN DECIMAL DEWEY
Número de clasificación 059.3
Número de documento/Ítem S162d
Número de edición 22
100 ## - ENTRADA PRINCIPAL--NOMBRE DE PERSONA
Nombre de persona Saldoni, Baltasar,
Fechas asociadas al nombre 1950-
9 (RLIN) 86112
Término indicativo de función/relación autor
245 10 - MENCIÓN DE TÍTULO
Título Diccionario biográfico-bibliográfico de efemérides de músicos españoles /
Mención de responsabilidad, etc. escrito y publicado por Baltasar Saldoni.
250 ## - MENCIÓN DE EDICIÓN
Mención de edición Edición facsímil de la primera edición, preparada por Jancito Torres, 1881
264 ## - PRODUCCIÓN, PUBLICACIÓN, DISTRIBUCIÓN, FABRICACIÓN Y COPYRIGHT
Producción, publicación, distribución, fabricación y copyright Madrid :
Nombre del de productor, editor, distribuidor, fabricante Centro de Documentación Musical,
-- Instituto Nacional de las Artes Escénicas y de la Música,
Fecha de producción, publicación, distribución, fabricación o copyright 1986.
300 ## - DESCRIPCIÓN FÍSICA
Extensión 4 volúmenes ;
Dimensiones 25 cm.
336 ## - TIPO DE CONTENIDO
Fuente rdacontent
Término de tipo de contenido texto
Código de tipo de contenido txt
337 ## - TIPO DE MEDIO
Fuente rdamedia
Nombre/término del tipo de medio sin mediación
Código del tipo de medio nc
338 ## - TIPO DE SOPORTE
Fuente rdacarrier
Nombre/término del tipo de soporte volumen
Código del tipo de soporte nc
500 ## - NOTA GENERAL
Nota general Reimpresión . Publicado originalmente en: Madrid : Impr. á cargo Delaware A. Pérez Dubrull, 1868-1881.
504 ## - NOTA DE BIBLIOGRAFÍA, ETC.
Nota de bibliografía, etc. Incluye referencias bibliográficas.
590 ## - NOTA LOCAL (RLIN)
Nota local Inventariado, 2024/DG
650 #4 - PUNTO DE ACCESO ADICIONAL DE MATERIA--TÉRMINO DE MATERIA
Término de materia o nombre geográfico como elemento de entrada Músicos
Subdivisión de forma Diccionarios
Subdivisión general Biografías
Subdivisión geográfica España
9 (RLIN) 86113
700 1# - PUNTO DE ACCESO ADICIONAL--NOMBRE DE PERSONA
Nombre de persona Torres, Jacinto,
Fechas asociadas al nombre 1950-
9 (RLIN) 86148
Término indicativo de función/relación Edición facsímil de la primera.
910 ## - DATOS DE OPCIÓN DEL USUARIO (OCLC)
Datos de opción del usuario DG
942 ## - ELEMENTOS DE PUNTO DE ACCESO ADICIONAL (KOHA)
Fuente del sistema de clasificación o colocación Dewey Decimal Classification
Tipo de ítem Koha Libro
Holdings
Estado de retiro Estado de pérdida Fuente del sistema de clasificación o colocación Restricciones de uso No para préstamo Código de colección Localización permanente Ubicación/localización actual Ubicación en estantería Fecha de adquisición Total de préstamos Signatura topográfica completa Código de barras Fecha visto por última vez Número de copia Precio válido a partir de Tipo de ítem Koha
    Dewey Decimal Classification Préstamo en sala   Referencia General Biblioteca Nacional Pedro Henríquez Ureña Biblioteca Nacional Pedro Henríquez Ureña Depósito 17.07.2024   BNPHU R-GR 059.3 S162d 2024-4447 17.07.2024 v.3 17.07.2024 Libro
    Dewey Decimal Classification Préstamo en sala   Referencia General Biblioteca Nacional Pedro Henríquez Ureña Biblioteca Nacional Pedro Henríquez Ureña Depósito 17.07.2024   BNPHU R-GR 059.3 S162d 2024-4448 17.07.2024 v.4 17.07.2024 Libro
    Dewey Decimal Classification Préstamo en sala   Referencia General Biblioteca Nacional Pedro Henríquez Ureña Biblioteca Nacional Pedro Henríquez Ureña Depósito 19.07.2024   BNPHU R-GR 059.3 S162d 2024-4468 19.07.2024 v.1 19.07.2024 Libro
    Dewey Decimal Classification Préstamo en sala   Referencia General Biblioteca Nacional Pedro Henríquez Ureña Biblioteca Nacional Pedro Henríquez Ureña Depósito 19.07.2024   BNPHU R-GR 059.3 S162d 2024-4469 19.07.2024 v.1 e.2 19.07.2024 Libro
    Dewey Decimal Classification Préstamo en sala   Referencia General Biblioteca Nacional Pedro Henríquez Ureña Biblioteca Nacional Pedro Henríquez Ureña Depósito 19.07.2024   BNPHU R-GR 059.3 S162d 2024-4470 19.07.2024 v.2 19.07.2024 Libro
    Dewey Decimal Classification Préstamo en sala   Referencia General Biblioteca Nacional Pedro Henríquez Ureña Biblioteca Nacional Pedro Henríquez Ureña Depósito 19.07.2024   BNPHU R-GR 059.3 S162d 2024-4471 19.07.2024 v.2 e.2 19.07.2024 Libro
    Dewey Decimal Classification Préstamo en sala   Referencia General Biblioteca Nacional Pedro Henríquez Ureña Biblioteca Nacional Pedro Henríquez Ureña Depósito 19.07.2024   BNPHU R-GR 059.3 S162d 2024-4472 19.07.2024 v.3 e.2 19.07.2024 Libro
    Dewey Decimal Classification Préstamo en sala   Referencia General Biblioteca Nacional Pedro Henríquez Ureña Biblioteca Nacional Pedro Henríquez Ureña Depósito 19.07.2024   BNPHU R-GR 059.3 S162d 2024-4473 19.07.2024 v.4 e.2 19.07.2024 Libro

Powered by Koha